Tratado teórico-práctico de las enfermedades variolosas en el hombre y los animales domésticos precedido de algunas generalidades sobre las epidemias y epizootías / (Record no. 158954)

MARC details
000 -LEADER
campo de control de longitud fija 00857nam a22001815i 4500
001 - NÚMERO DE CONTROL
campo de control 158954
003 - IDENTIFICADOR DE NÚMERO DE CONTROL
campo de control ES-MaACL
005 - FECHA Y HORA DE LA ÚLTIMA TRANSACCIÓN
campo de control 20230906211405.0
008 - DATOS DE LONGITUD FIJA--INFORMACIÓN GENERAL
campo de control de longitud fija 030129s1874 sp |||| | spa d
040 ## - FUENTE DE CATALOGACIÓN
Centro catalogador/agencia de origen CCPB | B
Lengua de catalogación spa
Centro/agencia transcriptor CCPB | B
100 1# - ENTRADA PRINCIPAL--NOMBRE DE PERSONA
Nombre de persona Martínez de Anguiano, Pedro.
9 (RLIN) 77975
245 10 - MENCIÓN DEL TÍTULO
Título Tratado teórico-práctico de las enfermedades variolosas en el hombre y los animales domésticos precedido de algunas generalidades sobre las epidemias y epizootías /
Mención de responsabilidad, etc. por Pedro Martinez de Anguiano.
260 ## - PUBLICACIÓN, DISTRIBUCIÓN, ETC.
Lugar de publicación, distribución, etc. Zaragoza :
Nombre del editor, distribuidor, etc. [s.n.],
Fecha de publicación, distribución, etc. 1874 (
Fabricante tipografía de D. José María Magallon)
300 ## - DESCRIPCIÓN FÍSICA
Extensión 212 p. ;
Dimensiones 21 cm.
650 #4 - PUNTO DE ACCESO ADICIONAL DE MATERIA--TÉRMINO DE MATERIA
Término de materia o nombre geográfico como elemento de entrada Viruela.
9 (RLIN) 136988
852 ## - LOCALIZACIÓN
Ubicación ES-MaACL
Número de control de estantería T-621-F-1
Nota libre -- Enc. hol.
-- -- An. ms.: ded. del autor a Manuel Saenz Diez
condición física -- Falto de la cub. original
Nota libre -- Enc. en un vol. facticio
852 ## - LOCALIZACIÓN
Ubicación ES-MaACL
Número de control de estantería G-2640
Nota libre -- Enc. hol.
Holdings
Estatus retirado Estado de pérdida Estado de daño No para préstamo Colección Biblioteca de origen Biblioteca actual Ubicación en estantería Fecha de adquisición Fuente de adquisición Total de préstamos Signatura topográfica completa Código de barras Visto por última vez Precio de reemplazo Tipo de ítem Koha
        Libros del s. XIX Biblioteca del Ateneo de Madrid Biblioteca del Ateneo de Madrid Depósito 2 17/01/2008     G-2640 1166382 23/02/2023 23/02/2023 Libro impreso antiguo
        Colección de folletos Biblioteca del Ateneo de Madrid Biblioteca del Ateneo de Madrid Depósito folletos 17/01/2008     T-621-F-1 1166381 23/02/2023 23/02/2023 Folleto